Los conocimientos previos y las dificultades con el producto de polinomios en los estudiantes de cuarto grado de secundaria del Politécnico Juan Antonio Collado del municipio Jánico, Santiago, República Dominicana, año lectivo 2020-2021 / (Record no. 13408)

MARC details
000 -CABECERA
campo de control de longitud fija 01725nam a22003134i 4500
001 - NÚMERO DE CONTROL
campo de control 32537
003 - IDENTIFICADOR DEL NÚMERO DE CONTROL
campo de control DO-SdISF
005 - FECHA Y HORA DE LA ÚLTIMA TRANSACCIÓN
campo de control 20250403123702.0
007 - CAMPO FIJO DE DESCRIPCIÓN FÍSICA--INFORMACIÓN GENERAL
campo de control de longitud fija ta
008 - DATOS DE LONGITUD FIJA--INFORMACIÓN GENERAL
campo de control de longitud fija 240209s2021 dr a|||frm||| 000 0 spa d
040 ## - FUENTE DE LA CATALOGACIÓN
Centro catalogador/agencia de origen CGIP0033
Lengua de catalogación spa
Normas de descripción rda
Centro/agencia transcriptor CGIP0033
090 ## - LOCALMENTE ASIGNADO TIPO-LC NÚMERO DE CLASIFICACIÓN (OCLC); NÚMERO DE CLASIFICACIÓN LOCAL (RLIN)
Número de clasificación (OCLC) (R) ; Numero de clasificación, CALL (RLIN) (NR) TMMSS-2021-0001
100 1# - ENTRADA PRINCIPAL--NOMBRE DE PERSONA
Nombre de persona Taveras Grullón, Amelia Beatriz
9 (RLIN) 31232
Término indicativo de función/relación autor
245 14 - MENCIÓN DE TÍTULO
Título Los conocimientos previos y las dificultades con el producto de polinomios en los estudiantes de cuarto grado de secundaria del Politécnico Juan Antonio Collado del municipio Jánico, Santiago, República Dominicana, año lectivo 2020-2021 /
Mención de responsabilidad, etc. sustentada por: Amelia Beatriz Taveras Grullón ; asesor: Luis Eligio Vásquez
264 #1 - PRODUCCIÓN, PUBLICACIÓN, DISTRIBUCIÓN, FABRICACIÓN Y COPYRIGHT
Producción, publicación, distribución, fabricación y copyright Santiago de los Caballeros :
Nombre del de productor, editor, distribuidor, fabricante ISFODOSU,
Fecha de producción, publicación, distribución, fabricación o copyright 2021
300 ## - DESCRIPCIÓN FÍSICA
Extensión 110 hojas :
Otras características físicas ilustraciones ;
Dimensiones 27 cm.
336 ## - TIPO DE CONTENIDO
Fuente rdacontent
Término de tipo de contenido texto
Código de tipo de contenido txt
337 ## - TIPO DE MEDIO
Fuente rdamedia
Nombre/término del tipo de medio sin mediación
Código del tipo de medio n
338 ## - TIPO DE SOPORTE
Fuente rdacarrier
Nombre/término del tipo de soporte volumen
Código del tipo de soporte nc
502 ## - NOTA DE TESIS
Nota de tesis Tesis para optar por el título de Maestría en Matemática Superior orientada al Nivel Secundario - Instituto Superior de Formación Docente Salomé Ureña - ISFODOSU, Recinto EPH, 2021.<br/>
504 ## - NOTA DE BIBLIOGRAFÍA, ETC.
Nota de bibliografía, etc. Bibliografía en hoja 84
505 2# - NOTA DE CONTENIDO CON FORMATO
Nota de contenido con formato Introducción al problema de investigación 1 - Revisión de literatura 11 - Metodología 39 - Presentación de resultados 50 - Interpretación d elos resultados 75 - Referencias 84 - Anexos 89
610 14 - PUNTO DE ACCESO ADICIONAL DE MATERIA--NOMBRE DE ENTIDAD CORPORATIVA
Nombre de entidad corporativa o nombre de jurisdicción como elemento de entrada Instituto Superior de Formación Docente Salomé Ureña
Subdivisión de forma Tesis
Fuente del encabezamiento o término armarc
9 (RLIN) 20677
650 17 - PUNTO DE ACCESO ADICIONAL DE MATERIA--TÉRMINO DE MATERIA
Término de materia o nombre geográfico como elemento de entrada Educación secundaria
Subdivisión geográfica República Dominicana
Fuente del encabezamiento o término armarc
9 (RLIN) 24501
650 17 - PUNTO DE ACCESO ADICIONAL DE MATERIA--TÉRMINO DE MATERIA
Término de materia o nombre geográfico como elemento de entrada Polinomios
Fuente del encabezamiento o término armarc
9 (RLIN) 25656
650 17 - PUNTO DE ACCESO ADICIONAL DE MATERIA--TÉRMINO DE MATERIA
Término de materia o nombre geográfico como elemento de entrada Matemáticas
Subdivisión general Enseñanza
Fuente del encabezamiento o término armarc
9 (RLIN) 24744
700 1# - PUNTO DE ACCESO ADICIONAL--NOMBRE DE PERSONA
Nombre de persona Vásquez Márquez, Luis Eligio
9 (RLIN) 31229
Término indicativo de función/relación asesor
942 ## - ELEMENTOS DE PUNTO DE ACCESO ADICIONAL (KOHA)
Fuente del sistema de clasificación o colocación
Tipo de ítem Koha
Holdings
Estado de retiro Estado de pérdida Fuente del sistema de clasificación o colocación Estado dañado No para préstamo Localización permanente Ubicación/localización actual Fecha de adquisición Total de préstamos Fecha visto por última vez Precio válido a partir de Tipo de ítem Koha
    Clasificación Decimal Dewey     Repositorio INERED Repositorio INERED 03/04/2025   03/04/2025 03/04/2025 Tesis digital

© 2024. Todos los Derechos Reservados. Desarrollado por IDEICE